|
|
|
|
| LEADER |
00000nam a2200000 i 4500 |
| 001 |
DIGUAZUAY0131 |
| 003 |
NyNyDIG |
| 007 |
cr ||||||||||| |
| 008 |
260114s2021 ec a ob 100 0 spa d |
| 006 |
m o d |
| 035 |
|
|
|a (OCoLC)1438847252
|
| 040 |
|
|
|a DGITA
|b eng
|e rda
|e pn
|c DGITA
|
| 020 |
|
|
|a 9789942822949
|q eBook
|
| 050 |
1 |
4 |
|a QP351 ebook
|
| 111 |
2 |
|
|a Congreso sobre Neuropsicología y Salud Mental
|n (1st :
|d 2019 :
|c Cuenca, Ecuador),
|j author.
|
| 245 |
1 |
0 |
|a Investigaciones en neuropsicología y salud mental /
|c I Congreso sobre Neuropsicología y Salud Mental.
|
| 264 |
|
1 |
|a Cuenca, Ecuador :
|b Universidad del Azuay, Casa Editora,
|c [2021]
|
| 300 |
|
|
|a 1 online resource :
|b illustrations.
|
| 336 |
|
|
|a text
|b txt
|2 rdacontent
|
| 337 |
|
|
|a computer
|b c
|2 rdamedia
|
| 338 |
|
|
|a online resource
|b cr
|2 rdacarrier
|
| 347 |
|
|
|a text file
|2 rdaft
|
| 347 |
|
|
|b PDF
|
| 504 |
|
|
|a Includes bibliographical references.
|
| 588 |
0 |
|
|a Online resource; title from PDF title page (Digitalia, viewed January 14, 2026)
|
| 650 |
|
0 |
|a Neuropsychology
|v Congresses.
|
| 650 |
|
0 |
|a Mental health
|v Congresses.
|
| 791 |
2 |
|
|a Digitalia (Firm),
|e distributor.
|
| 793 |
0 |
|
|g Digitalia eBook Collection:
|a Universidad del Azuay
|
| 856 |
4 |
0 |
|3 Digitalia Hispánica
|u https://www.digitaliapublishing.com/a/133516/
|
| 910 |
|
|
|a Premium collection: 2026
|